000 00240nam a2200109Ia 4500
005 20251222141909.0
008 251222s9999||||xx |||||||||||||| ||spa||
082 _a277/C76C
245 0 _aComunión y misión:
264 _bEDICE
942 _cLIB
999 _c8328
_d8328